| Tag |
First Indicator |
Second Indicator |
Subfields |
| LEADER |
00000cam a2200000 a 4500 |
| 001 |
in00000071068 |
| 005 |
20151008062035.0 |
| 008 |
790109s1973 ho f00010 spa d |
| 035 |
|
|
|a (OCoLC)04535783
|
| 035 |
|
|
|9 AAJ9391AM
|
| 040 |
|
|
|a LRU
|c LRU
|d TXA
|d UtOrBLW
|
| 043 |
|
|
|a ncho---
|
| 049 |
|
|
|a TXAM
|c [386710]
|
| 090 |
|
|
|a HC145
|b .A42 1973
|
| 110 |
2 |
|
|a Consejo Superior de Planificación Económica (Honduras).
|b Secretaría Técnica.
|
| 245 |
1 |
0 |
|a Resumen del plan nacional de desarrollo, 1974-1978 /
|c Secretaria Tecnica del Consejo Superior de Planificacion Economica.
|
| 264 |
|
1 |
|a Tegucigalpa, [Honduras] :
|b La Secretaria,
|c [1973?]
|
| 300 |
|
|
|a viii, iv, 165 pages ;
|c 28 cm.
|
| 336 |
|
|
|a text
|b txt
|2 rdacontent
|
| 337 |
|
|
|a unmediated
|b n
|2 rdamedia
|
| 338 |
|
|
|a volume
|b nc
|2 rdacarrier
|
| 651 |
|
0 |
|a Honduras
|x Economic policy.
|
| 651 |
|
0 |
|a Honduras
|x Social policy.
|
| 999 |
|
|
|a MARS
|
| 999 |
f |
f |
|s 2f62278a-6b70-3bee-bffb-8c91801a92f5
|i 9d87de8a-ebd8-345c-90e4-a8e03201de9b
|t 0
|
| 952 |
f |
f |
|p ric
|a Texas A&M University
|b Rellis Campus
|c Joint Library Facility
|d Remote Storage
|t 0
|e HC145 .A42 1973
|h Library of Congress classification
|i unmediated -- volume
|m A14806122093
|
| 998 |
f |
f |
|a HC145 .A42 1973
|t 0
|l Remote Storage
|